| 000 | 00906nam a2200265Ia 4500 | ||
|---|---|---|---|
| 003 | OSt | ||
| 005 | 20221005042617.0 | ||
| 006 | a|||||r|||| 00| 0 | ||
| 007 | ta | ||
| 008 | 221004b |||||||| |||| 00| 0 eng d | ||
| 020 |
_a1402017588 (hbk) _c5995 |
||
| 024 | _a102288 | ||
| 037 |
_b086, 02/03/2010, Anshika Book International Publishers & Distributors _cTextual |
||
| 040 |
_aCRL _cCRL _beng |
||
| 041 |
_2eng _aeng |
||
| 082 | _aPv1.L, P4 | ||
| 100 |
_aMaat Jaap _9590683 |
||
| 245 | 0 |
_aPhilosophical languages in the seventeenth century _b Dalgarno, wilkins, leibniz |
|
| 260 |
_aDordrecht _bKluwer Academic Publisher _c2004 |
||
| 300 |
_axv,415p. _ccm. |
||
| 490 | _aNew synthese historical library; 54 | ||
| 650 | _aLINGUISTICS | ||
| 942 |
_hPv1.L, P4 _cTEXL _2cc |
||
| 999 |
_c950589 _d950589 |
||